000 00418nam a2200169Ia 4500
005 20250423101610.0
008 250422s9999 xx 000 0 und d
020 _a0- 671- 65705- 4
050 _aE880.W54
100 _aGarry Wills
245 0 _aUnder God: religion and American politics
260 _bSimon & Schuster
260 _c1990
300 _a445 p
650 _aChristianity and politics
942 _cBK
999 _c36718
_d36718